LDR 00646naa#a2200169#i#450# 001 EN\\bibl\126790 005 20260701225849.3 011 ## _a1815-588X 100 ## _a20260630b2026####ek#y0engy0150####ca 102 ## _aRU 200 1# _aExperimental Studies of Thermomechanical Stresses in Locomotive Asynchronous Electric Motors _eJournal article 210 1# _aSaint-Petersburg _cFSBEI HE "Emperor Alexander I St. Petersburg State Transport University" _d2026 215 ## _a9 с. 608 ## _aJournal article _2local 675 ## _aЭлектрические тяговые двигатели. 629.423.31 _z 700 #1 _aShrayber _gMarina Aleksandrovna 856 4# _aatjournal.ru _u